01689nam a2200133 4500008001300000020001800013082001800031100002200049245013000071260005100201300003500252505117700287650009101464701.18 D288a a9786079653323 a701.18bD288a aDebroise, Olivier aEl arte de mostrar el arte mexicano:bEnsayos sobre los usos y desusos del exotismo en tiempos de globalización (1992-2007) aMéxicobPromotora Cultural Cubo Blancoc2018 a231 p. bill (col)c23 x 17 cm tPrólogorCuauhtémoc MedinatLlamada tEl arte de mostrar el arte mexicano tForjando Patria tOutline of Mexican Art tDe independientes a sindicalizados tIdolos tras los altares tMexican Arts Association, Inc. tFinalmente, el Metropolitan tEsplendores del arte mexicano tEl mandarín tMito y magia en Monterrey tPerfil del curador independiente de arte contemporáneo en un país del sur que se encuentra al norte (y viceversa) tSoñando en la pirámide tDe lo moderno a lo internacional: los retos del arte mexicano tRufino Tamayo en el filo de la navaja tEl Museo Rufino Tamayo Arte Contemporáneo Internacional tLos años noventa: años de sincronización tDetrás de la puerta azul t(This is not supossed to be here) tPrimer planteamiento. México: un arte en tensióntMil novecientos ochenta y cuatro tPrimer dispositivo: después del glamour tSegundo dispositivo: la inversión directa tTercer dispositivo: Delirious Koolhaas tCuarto dispositivo: la bienalizacióntIntermedio: el informe Quemin tQuinto dispositivo: el momento curatorial tMéxico: un estudio de caso tFin de temporada: saldos tPosfacio tIlustraciones  xarte contemporáneo xMéxico xarte - crítica e interpretación xarte - ensayo